[Event "POL-ch U17 Qual"]
[Site "Jastrzebia Gora"]
[Date "2021.11.15"]
[Round "1"]
[White "Kossowski, Pawel"]
[Black "Wolny, Dawid"]
[Result "1-0"]
[WhiteElo "1761"]
[BlackElo "1433"]
[PlyCount "141"]
[EventDate "2021.11.15"]
[EventType "swiss"]
[EventRounds "9"]
[EventCountry "POL"]
[SourceTitle "EXT 2023"]
[Source "ChessBase"]
[SourceDate "2022.10.05"]
[SourceVersion "1"]
[SourceVersionDate "2022.10.05"]
[SourceQuality "1"]

1. e4 c5 2. Nf3 e6 3. d4 cxd4 4. Nxd4 Nf6 5. Nc3 d6 6. Be2 Be7 7. f4 Nc6 8. Be3 a6 9. 0-0 0-0 10. Qe1 Qc7 11. Qg3 Rd8 12. Rad1 Bd7 13. f5 Nxd4 14. Bxd4 e5 15. Be3 Bc6 16. Bf3 b5 17. a3 Qb7 18. Bh6 Bf8 19. Bg5 Be7 20. Bxf6 Bxf6 21. Nd5 Bxd5 22. Rxd5 Rac8 23. c3 Rc5 24. Rfd1 Rxd5 25. Rxd5 Qb6+ 26. Qf2 Rb8 27. Qxb6 Rxb6 28. Kf2 Bg5 29. Rd1 Kf8 30. Ke2 Ke7 31. Kd3 Kd7 32. b4 Kc7 33. a4 Kb7 34. Ra1 Bd8 35. Bd1 Kc6 36. Bb3 f6 37. Bd5+ Kd7 38. Kc2 Bc7 39. axb5 axb5 40. Kb3 Rb8 41. Ra7 g6 42. fxg6 hxg6 43. Bf7 Kc6 44. Ra2 g5 45. Rf2 Rh8 46. h3 Kd7 47. Bg6 Rf8 48. Bf5+ Kc6 49. Bg4 d5 50. exd5+ Kxd5 51. Bd7 e4 52. Bxb5 e3 53. Rf3 Ke4 54. Kc2 f5 55. Bc6+ Ke5 56. Rxe3+ Kd6 57. Bf3 Bb6 58. Rd3+ Ke5 59. c4 Bd4 60. Kb3 Rb8 61. Ka4 Rb6 62. c5 Rb8 63. c6 Bb6 64. Rd5+ Ke6 65. Rd1 Bc7 66. b5 Ra8+ 67. Kb4 Bd6+ 68. Rxd6+ Kxd6 69. c7 Rh8 70. b6 f4 71. Bg4 1-0

[Event "POL-ch U16"]
[Site "Szklarska Poreba"]
[Date "2020.03.13"]
[Round "7"]
[White "Syrkiewicz, Michal"]
[Black "Kossowski, Pawel"]
[Result "1/2-1/2"]
[WhiteElo "2004"]
[BlackElo "1717"]
[PlyCount "107"]
[EventDate "2020.03.07"]
[EventType "swiss"]
[EventRounds "8"]
[EventCountry "POL"]
[SourceTitle "CBM 195 Extra"]
[Source "ChessBase"]
[SourceDate "2020.05.31"]
[SourceVersion "1"]
[SourceVersionDate "2020.05.31"]
[SourceQuality "1"]

1. e4 e5 2. Nf3 Nc6 3. Nc3 Nf6 4. a3 d6 5. d4 exd4 6. Nxd4 Be7 7. Nde2 0-0 8. g3 Re8 9. Bg2 h6 10. 0-0 Bf8 11. h3 Bd7 12. Kh2 Ne5 13. f4 Ng6 14. Qd3 Qe7 15. Nd4 c6 16. Bd2 Qd8 17. Rae1 Qc7 18. g4 Rad8 19. Qg3 d5 20. e5 Nh7 21. Nf3 f6 22. h4 fxe5 23. fxe5 d4 24. Nd1 c5 25. h5 Ne7 26. Nh4 Nc6 27. Bd5+ Be6 28. Be4 Nxe5 29. Bxh7+ Kxh7 30. Rxe5 Bd6 31. Bf4 Bxe5 32. Bxe5 Qd7 33. Nf2 Bc4 34. Nd3 Qd5 35. Ng6 Kg8 36. g5 Qe4 37. Qf3 Qxf3 38. Rxf3 Bxd3 39. cxd3 hxg5 40. Kg3 Re6 41. Kg4 Rde8 42. Rf5 Rb6 43. Rxg5 Rxb2 44. Nf4 Re7 45. h6 Rb1 46. Kf5 Rf7+ 47. Ke6 Rb6+ 48. Kd5 Rxh6 49. Kxc5 Ra6 50. Kb4 Rb6+ 51. Kc4 Ra6 52. Kb3 Rb6+ 53. Kc4 Ra6 54. Kb4 1/2-1/2